La patria /

Estamos acostumbrados a tener una particular mirada sobre el mundo y, en ocasiones, nuestra forma de pensar nos parece inobjetable. Sin embargo, ¿qué sustenta nuestras ideas? ¿Hay una sola forma de pensar la realidad o el estado de las cosas? Con el discurso filosófico como aliado, Darío Sztajnszraj...

Descripción completa

Guardado en:
Autor Principal: Sztajnszrajber, Darío
Autores Corporativos: Canal Encuentro., Mulata films.
Formato: Deslizar
Publicado: Argentina : Canal Encuentro, 2014.
Series:Mentira La Verdad
Materias:
Acceso en línea:https://www.educ.ar/recursos/124180/la-patria
Etiquetas: Agregar Etiqueta
Sin Etiquetas, Sea el primero en etiquetar este registro!
LEADER 01850ngm a22003495g 4500
001 CEM.cems023342
008 130507s2014##################0###0#####d
005 20250306160447.0
245 1 0 |a La patria /  |c Darío Sztajnszrajber. 
260 |a Argentina :  |b Canal Encuentro,  |c 2014. 
300 |a 28'. 
490 0 |a Mentira La Verdad 
500 |a Consultar en ventanilla. 
520 |a Estamos acostumbrados a tener una particular mirada sobre el mundo y, en ocasiones, nuestra forma de pensar nos parece inobjetable. Sin embargo, ¿qué sustenta nuestras ideas? ¿Hay una sola forma de pensar la realidad o el estado de las cosas? Con el discurso filosófico como aliado, Darío Sztajnszrajber desarrolla, problematiza y pone en tensión diferentes supuestos sobre la historia, la belleza, el amor, la felicidad, la identidad y otros temas. Mentira la verdad, un programa hecho para jóvenes, pero para consumir a toda edad; una propuesta para reflexionar sobre lo que respalda nuestros juicios de valor, pero también para pensar las razones que, a lo largo de los años, han hecho visibles algunos hechos sobre otros y han sustentado las historias que nos cuentan sobre un país, una región, una sociedad. 
538 |a Soporte: DVD - Color: Si - Grabación DRD. 
590 |a Identificación anterior registrada en SIABUC: D116C 
100 1 |a Sztajnszrajber, Darío 
710 2 |a Canal Encuentro. 
710 2 |a Mulata films. 
082 1 0 |/ SZT-3 
653 |a FILOSOFIA 
653 |a SOCIEDAD 
653 |a MENTIRA LA VERDAD 
653 |a PATRIA 
653 |a ESTADO 
653 |a NACIONALISMO 
653 |a IDENTIDAD 
653 |a NACION 
653 |a PAIS 
653 |a SERIE DE TELEVISIÓN 
856 |u https://www.educ.ar/recursos/124180/la-patria 
859 |a CEMS  |b BIB. CEMS - Depto. Recursos Didacticos  |h 100  |i SZT-3  |k DRD  |p 1985.15  |t Ej.1